000 01563nam0a2200301 4500
001 RU\NLR\bibl\522651
005 20260407124833.0
021 _aRU
_b2004-23123
_91169
035 _a(NLR Aleph) 000515046
090 _a1257388
_c1257388
100 _a20040521d2004 |||y0rusy50 ca
101 0 _arus
102 _aRU
105 _aa |||||||||
200 1 _aЮрий Злотников
_eЖивопись и графика из кол. Гос. Третьяков. галереи, моск. музеев, част. кол., собр. художника
_e[Кат. выст.
_fАвт. текстов: Л. Кашук и др.]
210 _aМ.
_cНовый Эрмитаж - один
_d2004
215 _a63 с.
_cцв. ил.
_d23х28
300 _aВ надзаг.: М-во культуры Рос. Федерации, Гос. Третьяков. галерея
600 1 _aЗлотников
_bЮ. С.
_f1930 - 2016
_gЮрий Савельевич
_xВыставки
_yМосква, город
_z2004
_92334927
_3RU\NLR\AUTH\661396046
601 0 2 _aГосударственная Третьяковская галерея
_cМосква, город
_xВыставки
_z2004
_92334924
_3RU\NLR\auth\661396044
686 _aЩ143(2Р=Рус)7-8Злотников
712 0 2 _4570
_aГосударственная Третьяковская галерея
_cМосква
_9432136
_3RU\NLR\AUTH\889967893
801 0 _aRU
_bNLR
_c20040521
_gPSBO
801 1 _aRU
_bNLR
_c20040521
942 _cBOOK
980 _aNB